Pays Aléatoires sur la Carte du Monde - Statistiques

Statistiques générales
  • Ce quiz a été pris 6 011 fois
  • Le résultat moyen est 36 sur 50
Réponses sur la Carte
Les réponses sont colorées sur une échelle allant du rouge au vert en fonction du pourcentage des utilisateurs qui les ont devinées à leur premier essai. Vous pouvez retrouver ces pourcentages ci-dessous.
 
Statistiques - réponses
Pays % Correct
Canada
99%
Etats-Unis
99%
Russie
99%
Brésil
98%
France
98%
Espagne
97%
Mexique
97%
Royaume-Uni
97%
Inde
96%
Irlande
95%
Italie
95%
Portugal
95%
Algérie
94%
Chine
94%
Danemark
94%
Norvège
94%
Suède
94%
Allemagne
93%
Argentine
93%
Chili
93%
Maroc
93%
Australie
92%
Islande
92%
Suisse
92%
Belgique
91%
Égypte
89%
Afrique du Sud
88%
Finlande
88%
Japon
88%
Mongolie
88%
Pays-Bas
88%
Colombie
87%
Madagascar
87%
Pologne
87%
Ukraine
87%
Arabie Saoudite
86%
Turquie
85%
Libye
84%
Pérou
84%
Grèce
83%
Paraguay
83%
Biélorussie
82%
Tunisie
82%
Bolivie
81%
Cuba
81%
Indonésie
81%
Autriche
80%
Équateur
80%
Lettonie
80%
Venezuela
80%
Estonie
79%
Roumanie
79%
Uruguay
78%
Kazakhstan
77%
Mali
77%
Guyana
76%
Panama
76%
Corée du Sud
75%
Lituanie
75%
Nouvelle-Zélande
75%
République démocratique du Congo
75%
Soudan
75%
Suriname
75%
Yémen
74%
République tchèque
73%
Croatie
72%
Iran
72%
Oman
72%
Pakistan
72%
Thaïlande
72%
Irak
71%
Niger
71%
Somalie
71%
Corée du Nord
70%
Viêt Nam
70%
Sénégal
67%
Tchad
67%
Haïti
66%
Hongrie
66%
Philippines
66%
Bulgarie
65%
Honduras
65%
Mauritanie
65%
République dominicaine
65%
Éthiopie
64%
Namibie
64%
Slovénie
64%
Syrie
64%
Albanie
63%
Costa Rica
63%
Sri Lanka
63%
Nigeria
62%
Papouasie-Nouvelle- Guinée
62%
Serbie
62%
Angola
61%
Cameroun
61%
Macédoine du Nord
61%
Slovaquie
61%
Afghanistan
60%
Bosnie-Herzégovine
60%
Népal
60%
République du Congo
60%
Togo
60%
Belize
59%
Cambodge
59%
Émirats arabes unis
59%
Guatemala
59%
Malaisie
59%
Mozambique
59%
République Centrafricaine
59%
Salvador
59%
Érythrée
58%
Kosovo
58%
Moldavie
58%
Laos
57%
Nicaragua
57%
Birmanie
56%
Botswana
56%
Côte d'Ivoire
56%
Bangladesh
55%
Bénin
55%
Burkina Faso
54%
Soudan du Sud
54%
Géorgie
53%
Guinée
53%
Ouzbékistan
53%
Azerbaïdjan
52%
Israël
52%
Kenya
52%
Jordanie
51%
Sierra Leone
51%
Tanzanie
51%
Gabon
50%
Ghana
50%
Taïwan
50%
Zimbabwe
50%
Zambie
49%
Kirghizistan
48%
Ouganda
47%
Turkménistan
47%
Arménie
46%
Liberia
45%
Malawi
45%
Guinée-Bissau
43%
Tadjikistan
43%
Guinée équatoriale
40%
Djibouti
39%
Rwanda
37%
Burundi
36%
Salomon
28%
Aucun quiz correspondant
Distribution des résultats
% des personnes avec chaque résultat
Percentile par nombre de réponses
Votre historique - résultats
Vous n’avez pas pris ce quiz